000 00705nam a2200265Ia 4500
005 20260121165306.0
008 008 260114s9999 xx 000 0 eng d
020 _a9783319313504
037 _aEBOOK
040 _aCRL
040 _beng
040 _cCRL
041 _2eng
041 _aeng
084 _qCRL
100 _aAna M. Aransay, José Luis Lavín Trueba
_91049897
245 0 _aField Guidelines for Genetic Experimental Designs in High-Throughput Sequencing
260 _bSpringer
260 _bSpringer
260 _c2016
856 _uhttps://link.springer.com/openurl?genre=book&isbn=978-3-319-31350-4
942 _cEBOOK
999 _c1615622
_d1615622